000 01175nam a22002537a 4500
008 151222s2022 xxk|||||o|||| 00| 0 eng d
041 _aeng
110 _aRoyal Institution of Chartered Surveyors
245 _aFlooding
_bA clear impartial guide
_h[Electronic resource]
260 _aLondon,
_bRoyal Institution of Chartered Surveyors,
_c15 December 2022
300 _a18p.
490 _aRICS Consumer Guide
500 _aReplaces a copy published in 2010
520 _aThe publication is a detailed and accessible guide for home owners, helping them amongst other things to identify flood risks to their property. Other topics include:Checking if a property is at risk of flooding; Preparing for a flood; Creating a flood emergency plan; Recovery and what happens after the flood.
650 _aFLOODING
650 _aENVIRONMENTAL
650 _aLAND
651 _aUnited Kingdom
690 _96238
_aEnvironment
690 _96266
_aResidential property
710 _aRoyal Institution of Chartered Surveyors
856 _uhttps://www.ricsfirms.com/media/1185/rics-consumer-guide-flooding.pdf
_zAvailable on rics.org/consumerguides
942 _n0
999 _c121269
_d121269